| 000 | 01128cam a22003373a 4500 | ||
|---|---|---|---|
| 001 | 28887 | ||
| 003 | PGUSA | ||
| 005 | 20140828083627.0 | ||
| 008 | 090520s2009||||xxu|||||s|||||000 1 eng d | ||
| 040 |
_aPGUSA _beng |
||
| 042 | _adc | ||
| 050 | 4 | _aPZ | |
| 100 | 1 |
_aMunsey, Frank Andrew, _d1854-1925 |
|
| 245 | 1 | 4 |
_aThe Boy Broker; Or, Among the Kings of Wall Street _h[electronic resource] / _cFrank Andrew Munsey |
| 260 |
_bProject Gutenberg, _c2009 |
||
| 506 | _aPublic domain in the USA. | ||
| 516 | _aElectronic text | ||
| 653 | _aSuccess -- Juvenile fiction | ||
| 653 | _aChildren -- Conduct of life -- Juvenile fiction | ||
| 653 | _aConduct of life -- Juvenile fiction | ||
| 653 | _aFriendship -- Juvenile fiction | ||
| 653 | _aDiligence -- Juvenile fiction | ||
| 653 | _aStudents -- Juvenile fiction | ||
| 653 | _aCountry life -- Juvenile fiction | ||
| 653 | _aUnemployment -- Juvenile fiction | ||
| 653 | _aStockbrokers -- Juvenile fiction | ||
| 653 | _aYouth and death -- Juvenile fiction | ||
| 830 | 0 |
_aProject Gutenberg _v28887 |
|
| 856 | 4 | 0 | _uhttp://www.gutenberg.org/ebooks/28887 |
| 942 | _cEB | ||
| 999 |
_c258142 _d258142 |
||